Hodnoty kritických záťaží acidity pre smrekové lesné ekosystémy na troch lokalitách Spiša (na základe výpočtov pomocou modelu Profile) /

Bibliographic Details
Main Authors: Kunca, Vladimír, 1972- (Author), Škvarenina, Jaroslav, 1963- (Author), Jakuš, Rastislav (Author), Minďaš, Jozef, 1963- (Author), Beláček, Boris, 1960- (Author), Kukla, Ján, 1950- (Author)
Format: Article
Language:Slovak
PhysicalDescription:Tab.
ISBN:8080770433
Subjects:

MARC

LEADER 00000caa a2200000 a 4500
001 vtls010256096
003 SK-MaSNL
005 20260302144447.0
008 110302s2006 xo o |f||||||||0|||slo
015 |a SNBRA2008/02 
035 |a SVKKK000088186 
038 |a SVKKK 
040 |a SVKKK  |b slo  |c SVKKK  |e AACR2 
041 0 |a slo  |b eng 
044 |a xo  |c SK 
080 |a 504.054  |2 1997 
080 |a 631.415.2  |2 1997 
080 |a 630*18  |2 1997 
245 0 0 |a Hodnoty kritických záťaží acidity pre smrekové lesné ekosystémy na troch lokalitách Spiša (na základe výpočtov pomocou modelu Profile) /  |c Vladimír Kunca ... [et al.]. 
246 3 1 |a Critical load values of acidity for spruce forest ecosystems at three localities of the Spiš region (on the base of the Profile model calculations) 
300 |b Tab. 
504 |a Bibliogr. odkazy 
546 |a Res. angl. 
650 0 7 |a kyslosť pôdy  |2 snkbucl  |9 20580 
651 7 |a Spiš (Slovensko : región)  |2 snkbucl  |9 17692 
700 1 |a Kunca, Vladimír,  |d 1972-  |4 aut  |9 202815 
700 1 |a Škvarenina, Jaroslav,  |d 1963-  |4 aut  |9 206933 
700 1 |a Jakuš, Rastislav  |4 aut  |9 338494 
700 1 |a Minďaš, Jozef,  |d 1963-  |4 aut  |9 224294 
700 1 |a Beláček, Boris,  |d 1960-  |4 aut  |9 12367 
700 1 |a Kukla, Ján,  |d 1950-  |4 aut  |9 194282 
773 0 |t O ekológii vo vybraných aglomeráciách Jelšavy - Lubeníka a stredného Spiša : XV. vedecké sympózium s medzinárodnou účasťou  |d Košice : Slovenská banícka spoločnosť ZSVTS - Základná organizácia pri Ústave geotechniky SAV, 2006  |g S. 19-22  |z 8080770433 
852 |a SVKKK  |b BIB 
958 |a NB 
958 |a SK 
999 |c 1349330  |d 1351260